New Zealand Sportswomen by Picture - Statistics

General Stats
  • This quiz has been taken 22 times
  • The average score is 7 of 15
Answer Stats
Picture Hint Answer % Correct
shot put Valerie Adams
100%
golf Lydia Ko
89%
netball Irene van Dyk
78%
kayak Lisa Carrington
78%
pole vault Eliza McCartney
72%
rugby Portia Woodman
56%
cycling Sarah Ulmer
56%
BMX Sarah Walker
44%
cricket Suzie Bates
39%
long jump Yvette Williams
39%
rugby union; netball Louisa Wall
28%
athletics Allison Roe
17%
triathlon Andrea Hewitt
17%
athletics Anne Audain
11%
swimming Philippa Gould
6%
No matching quizzes found
Score Distribution
Percent of People with Each Score
Percentile by Number Answered
Your Score History
You have not taken this quiz